000 00600nam a2200181Ia 4500
003 GCL
008 140319s9999 xx 000 0 ara d
040 _aGCL /
_cGCL
082 0 4 _a216
_bا ت
100 1 _aاحمد عبدالرحيم السايح
245 1 0 _aالتيارات الفكرية والحركات المعاصرة /
_cاحمد عبدالرحيم السايح
260 _a[S.N] :
_bدار الطباعة المحمدية ،
_c1991
300 _a166 ص
490 _a
650 0 4 _aالاسلام والحضارة
650 0 4 _aالفلسفة الاسلامية
942 _2ddc
_cBK
999 _c57441
_d57441